Globalization and the politics of development in the Middle East / (Record no. 2343)
[ view plain ]
| 000 -LEADER | |
|---|---|
| fixed length control field | 01905nac a22003251u 4500 |
| 010 ## - LIBRARY OF CONGRESS CONTROL NUMBER | |
| LC control number | 00067452 |
| 020 ## - INTERNATIONAL STANDARD BOOK NUMBER | |
| International Standard Book Number | 052162312X |
| 020 ## - INTERNATIONAL STANDARD BOOK NUMBER | |
| International Standard Book Number | 0521626315 (pb.) |
| 082 00 - DEWEY DECIMAL CLASSIFICATION NUMBER | |
| Classification number | 338.956 |
| Item number | H5211 |
| 090 ## - LOCALLY ASSIGNED LC-TYPE CALL NUMBER (OCLC); LOCAL CALL NUMBER (OCLC) | |
| -- | 2343 |
| -- | 2343 |
| 100 ## - MAIN ENTRY--PERSONAL NAME | |
| Personal name | Henry, Clement M., |
| 245 10 - TITLE STATEMENT | |
| Title | Globalization and the politics of development in the Middle East / |
| Statement of responsibility, etc | Clement M. Henry and Robert Springborg. |
| 260 ## - PUBLICATION, DISTRIBUTION, ETC. (IMPRINT) | |
| Place of publication, distribution, etc | Cambridge, UK ; |
| -- | New York, NY, USA : |
| Name of publisher, distributor, etc | Cambridge University Press,2001 |
| Date of publication, distribution, etc | 2001. |
| 300 ## - PHYSICAL DESCRIPTION | |
| Extent | xxi, 258 p. : |
| Other physical details | ill., maps ; |
| Dimensions | 24 cm. |
| 440 #4 - | |
| -- | The contemporary Middle East ; |
| -- | 1 |
| 504 ## - BIBLIOGRAPHY, ETC. NOTE | |
| Bibliography, etc | Includes bibliographical references (p. 230-240). |
| 650 #0 - SUBJECT ADDED ENTRY--TOPICAL TERM | |
| Topical term or geographic name as entry element | Globalization. |
| 651 #0 - SUBJECT ADDED ENTRY--GEOGRAPHIC NAME | |
| Geographic name | Middle East |
| General subdivision | Economic conditions |
| Chronological subdivision | 1979- |
| 651 #0 - SUBJECT ADDED ENTRY--GEOGRAPHIC NAME | |
| Geographic name | Middle East |
| General subdivision | Politics and government |
| Chronological subdivision | 1979- |
| 700 1# - ADDED ENTRY--PERSONAL NAME | |
| Personal name | Springborg, Robert. |
| 856 41 - ELECTRONIC LOCATION AND ACCESS | |
| Materials specified | Sample text |
| Uniform Resource Identifier | <a href="http://www.loc.gov/catdir/samples/cam031/00067452.html">http://www.loc.gov/catdir/samples/cam031/00067452.html</a> |
| 856 41 - ELECTRONIC LOCATION AND ACCESS | |
| Materials specified | Publisher description |
| Uniform Resource Identifier | <a href="http://www.loc.gov/catdir/description/cam021/00067452.html">http://www.loc.gov/catdir/description/cam021/00067452.html</a> |
| 856 41 - ELECTRONIC LOCATION AND ACCESS | |
| Materials specified | Table of contents |
| Uniform Resource Identifier | <a href="http://www.loc.gov/catdir/toc/cam022/00067452.html">http://www.loc.gov/catdir/toc/cam022/00067452.html</a> |
| 942 ## - ADDED ENTRY ELEMENTS (KOHA) | |
| Item type | Book - Borrowing |
| Call number prefix | 338.956 H5211 |
| Withdrawn status | Item status | Damaged status | Not for loan | Home library | Current library | Shelving location | Date acquired | Source of acquisition | Total Checkouts | Total Renewals | Full call number | Barcode | Checked out | Date last seen | Date last borrowed | Koha item type | Source of classification or shelving scheme |
|---|---|---|---|---|---|---|---|---|---|---|---|---|---|---|---|---|---|
| Central Library | Central Library | First floor | 18/02/2007 | Purchase | 4 | 2 | 338.956 HEN | 000002039 | 01/05/2011 | 22/11/2010 | 22/11/2010 | Book - Borrowing | |||||
| Central Library | Central Library | First floor | 19/10/2008 | Purchase | 14 | 22 | 338.956 HEN | 000014109 | 15/07/2025 | 13/07/2016 | Book - Borrowing | Dewey Decimal Classification | |||||
| Central Library | Central Library | First floor | 19/10/2008 | Purchase | 5 | 5 | 338.956 HEN | 000014110 | 15/07/2025 | 04/10/2018 | Book - Borrowing | Dewey Decimal Classification | |||||
| Central Library | Central Library | First floor | 19/10/2008 | Purchase | 5 | 338.956 HEN | 000014111 | 24/05/2010 | 15/12/2009 | 15/12/2009 | Book - Borrowing | Dewey Decimal Classification | |||||
| Central Library | Central Library | First floor | 19/10/2008 | Purchase | 3 | 338.956 HEN | 000014112 | 15/07/2025 | 28/10/2013 | NB - Book (Non borrowing) | Dewey Decimal Classification |